El triunfo romano: una historia de Roma a través de la celebración de sus victorias

Uloženo v:
Podrobná bibliografie
Hlavní autor: Beard, Winifred Mary (autor)
Médium: Kniha
Jazyk:španělština
Vydáno: Barcelona, España Crítica 2009
Edice:Tiempo de Historia
Témata:
Tagy: Přidat tag
Žádné tagy, Buďte první, kdo vytvoří štítek k tomuto záznamu!

MARC

LEADER 00000cam a2200000 a 4500
001 UCG8781
003 CL-VaPUC
005 20241014131059.0
008 111229e20090000SP |||||||||||||||||spa|d
999 |c 346379  |d 346377 
020 |a 9788474237191 
040 |c Pontificia Universidad Católica de Valparaíso 
082 0 4 |a 937 BEA 2009  |2 21 
100 0 |a Beard, Winifred Mary  |e autor  |9 559951 
245 1 3 |a El triunfo romano:  |b  una historia de Roma a través de la celebración de sus victorias 
260 |a Barcelona, España  |b Crítica  |c 2009 
300 |a 583 páginas 
490 0 |a Tiempo de Historia 
583 |a last modification  |c 20190730 04:37:00  |k Rodrigo Vera 
650 0 |a Historia de Roma   |9 315349 
650 0 |a Imperio Romano  |9 322785 
942 |c BK  |2 ddc 
945 |d 20111229 00:00:00  |a dcastane 
952 |0 0  |1 0  |2 ddc  |4 0  |6 937_000000000000000_BEA_2009  |7 0  |8 A  |9 447056  |a BIBHIS  |b BIBHIS  |d 2019-11-22  |i 481908K  |o 937 BEA 2009  |p 481908K  |r 2025-01-20  |t 1  |w 2019-11-22  |y BK  |k HIS 
952 |0 0  |1 0  |2 ddc  |4 0  |6 937_000000000000000_BEA_2009  |7 0  |8 A  |9 447057  |a BIBHIS  |b BIBHIS  |d 2019-11-22  |i 4873343  |o 937 BEA 2009  |p 4873343  |r 2025-01-20  |t 2  |w 2019-11-22  |y BK  |k HIS